| 000 | 00576nam a2200229Ia 4500 | ||
|---|---|---|---|
| 003 | 0100 | ||
| 005 | 20150106113614.0 | ||
| 008 | 130303s9999 xx 000 0 und d | ||
| 020 | _a840755864 | ||
| 040 | _cARRUPELIB | ||
| 050 | _aBV4207.F361975 | ||
| 100 |
_aFant, Clyde E _913512 |
||
| 245 | _aBonhoeffer | ||
| 245 | _bworldly preaching | ||
| 260 | _aNashville | ||
| 260 | _bThomas Nelson, Inc. | ||
| 300 | _axi | ||
| 300 | _b 180 p.21 cm | ||
| 600 |
_aBonhoeffer, Dietrich _d1906-1945 _913513 |
||
| 650 |
_aPreaching _xHistory _913514 |
||
| 942 | 0 | 0 |
_01 _2lcc _cMONOGRAPH |
| 999 |
_c9670 _d9670 |
||